00452cam a2200157 a 450000100100000000500170001000800410002704000290006808200150009710000350011224500570014726000400020430000200024449000150026483000150027900001003320200929161818.0880624s1987 cu f001 p spa c aDO-SdBNPbspacLCdBNPHU ann*bV145d1 aValdés, José Irene,d1911-10aDe la bandurria a la pluma /cJosé Irene Valdés. aLa Habana :bLetras Cubanas,c1987. a97 p. ;c18 cm.1 aGiraldilla 0aGiraldilla